Online katalóg knižníc regiónu Turca

Veselé básničky pre všetky detičky (Record no. 21695)

MARC details
000 -LEADER
fixed length control field 01637cam a2200445 a 4500
001 - CONTROL NUMBER
control field 21695
003 - CONTROL NUMBER IDENTIFIER
control field VRT
005 - DATE AND TIME OF LATEST TRANSACTION
control field 20260309093953.0
008 - FIXED-LENGTH DATA ELEMENTS--GENERAL INFORMATION
fixed length control field 240313s2012 xo a a 000 p slo
015 ## - NATIONAL BIBLIOGRAPHY NUMBER
National bibliography number SNBA2013
020 ## - INTERNATIONAL STANDARD BOOK NUMBER
International Standard Book Number 9788080465926
Qualifying information (viaz.)
035 ## - SYSTEM CONTROL NUMBER
System control number 1E37DDCF-9794-46F4-956E-845826514A4B
035 ## - SYSTEM CONTROL NUMBER
System control number urn:nbn:sk:snk-amjm3c
035 ## - SYSTEM CONTROL NUMBER
System control number urn:nbn:sk:snk-am001o8a
039 #9 - LEVEL OF BIBLIOGRAPHIC CONTROL AND CODING DETAIL [OBSOLETE]
Level of rules in bibliographic description 202403131521
Level of effort used to assign nonsubject heading access points VLOAD
Level of effort used to assign subject headings 202112230803
Level of effort used to assign classification AUTHORITY
Level of effort used to assign subject headings 202112222015
Level of effort used to assign classification AUTHORITY
Level of effort used to assign subject headings 201904150835
Level of effort used to assign classification AUTHORITY
040 ## - CATALOGING SOURCE
Original cataloging agency PPPK
Language of cataloging slo
Transcribing agency PPPK
Modifying agency SNK
Description conventions AACR2
041 0# - LANGUAGE CODE
Language code of text/sound track or separate title slo
044 ## - COUNTRY OF PUBLISHING/PRODUCING ENTITY CODE
MARC country code xo
ISO country code SK
072 #7 - SUBJECT CATEGORY CODE
Subject category code 821-93
Subject category code subdivision Literatúra pre deti a mládež (beletria)
Source konspekt
072 #7 - SUBJECT CATEGORY CODE
Subject category code 821.162.4-1
Subject category code subdivision Slovenská poézia
Source konspekt
080 ## - UNIVERSAL DECIMAL CLASSIFICATION NUMBER
Universal Decimal Classification number 821.162.4-1
Edition identifier 2001
080 ## - UNIVERSAL DECIMAL CLASSIFICATION NUMBER
Universal Decimal Classification number 821.162.4-93
Edition identifier 2001
100 1# - MAIN ENTRY--PERSONAL NAME
Personal name Starodubcev, Grigorij,
Dates associated with a name 1982-
Relationship aut
245 10 - TITLE STATEMENT
Title Veselé básničky pre všetky detičky
Statement of responsibility, etc. Grigorij Starodubcev ; ilustroval Ján Vrabec
250 ## - EDITION STATEMENT
Edition statement 1. vyd.
260 ## - PUBLICATION, DISTRIBUTION, ETC.
Place of publication, distribution, etc. Bratislava
Name of publisher, distributor, etc. Perfekt
Date of publication, distribution, etc. 2012
300 ## - PHYSICAL DESCRIPTION
Extent 48 s.
Other physical details fareb. ilustr.
Dimensions 21 cm
650 07 - SUBJECT ADDED ENTRY--TOPICAL TERM
Topical term or geographic name entry element slovenská poézia
Source of heading or term SNKPH
650 07 - SUBJECT ADDED ENTRY--TOPICAL TERM
Topical term or geographic name entry element Slovak poetry
Source of heading or term SNKPHeng
650 07 - SUBJECT ADDED ENTRY--TOPICAL TERM
Topical term or geographic name entry element poézia pre deti
Source of heading or term SNKPH
655 #7 - INDEX TERM--GENRE/FORM
Genre/form data or focus term publikácie pre deti
Source of term SNKPH
655 #7 - INDEX TERM--GENRE/FORM
Genre/form data or focus term Children's literature
Source of term SNKPHeng
700 1# - ADDED ENTRY--PERSONAL NAME
Personal name Vrabec, Ján,
Dates associated with a name 1959-
Relationship ill
942 ## - ADDED ENTRY ELEMENTS (KOHA)
Source of classification or shelving scheme Dewey Decimal Classification
Koha item type Krásna literatúra pre deti
Suppress in OPAC No
949 ## - LOCAL PROCESSING INFORMATION (OCLC)
6 273K0565640
a svkpoA 219808
b svkpo568341
949 ## - LOCAL PROCESSING INFORMATION (OCLC)
6 2889197262
a savukPV 17304
b savuk2013/745
949 ## - LOCAL PROCESSING INFORMATION (OCLC)
6 270001000408643
a svkbbA 137460
b svkbbm 734167
949 ## - LOCAL PROCESSING INFORMATION (OCLC)
6 17A1063134
a snkSC 153260
b snk2013/4425
o 553/13
949 ## - LOCAL PROCESSING INFORMATION (OCLC)
6 17A1063133
a snkSC 153260 D1
b snk2013/4426
o 553/13
s 6100:20140925
Holdings
Stav vyradenia Strata Poškodenie Spôsob nadobudnutia Domovská knižnica Aktuálna knižnica Dátum nadobudnutia Total checkouts Čiarový kód exemplára Date last seen Typ exemplára
      Dar Obecná knižnica Turčianska Štiavnička Obecná knižnica Turčianska Štiavnička 09.03.2026   4738000285 09.03.2026 Krásna literatúra pre deti
Projekt je podporený Slovenskou asociáciou knižníc
Prevádzkuje Turčianska knižnica Martin 2026